书目信息 |
| 题名: |
立体构成
|
|
| 作者: | 赵志生 , 王天祥 编著 | |
| 分册: | ||
| 出版信息: | 重庆 重庆大学出版社 2002 |
|
| 页数: | 80页 | |
| 开本: | 29cm | |
| 丛书名: | 高等院校艺术设计专业丛书 | |
| 单 册: | ||
| 中图分类: | J061 | |
| 科图分类: | ||
| 主题词: | 立体--构图(美术)--造型设计--高等学校 | |
| 电子资源: | ||
| ISBN: | 7-5624-2623-6 | |
| 000 | 00835oam2 2200253 45 | |
| 001 | 002182192 | |
| 005 | 20050329150951.7 | |
| 010 | @a7-5624-2623-6@dCNY33.00 | |
| 100 | @a20021031d2002 em y0chiy0110 ea | |
| 101 | 0 | @achi |
| 102 | @aCN@b500000 | |
| 105 | @aa z 000yy | |
| 200 | 1 | @a立体构成@Ali ti gou cheng@f赵志生,王天祥编著@FZhao Zhi Sheng,Wang Tian Xiang Bian Zhu |
| 210 | @a重庆@c重庆大学出版社@d2002 | |
| 215 | @a80页@c图@d29cm | |
| 225 | 2 | @a高等院校艺术设计专业丛书 |
| 330 | @a本书分为五个部分:作为基础造型的立体构成、立体形态研究、构成的逻辑、形态要素的构成、空间构成。 | |
| 410 | @12001 @a高等院校艺术设计专业丛书 | |
| 606 | 0 | @a立体@x构图(美术)@x造型设计@x高等学校 |
| 690 | @aJ061@v4 | |
| 701 | 0 | @a赵志生@4编著 |
| 701 | 0 | @a王天祥@4编著 |
| 801 | 0 | @aCN@bNLC@c20030526 |
| 905 | @f3@b346663-665@dJ061@e128 | |
| 立体构成/赵志生,王天祥编著.-重庆:重庆大学出版社,2002 |
| 80页:图;29cm.-(高等院校艺术设计专业丛书) |
| ISBN 7-5624-2623-6:CNY33.00 |
| 本书分为五个部分:作为基础造型的立体构成、立体形态研究、构成的逻辑、形态要素的构成、空间构成。 |
| ● |
| 相关链接 |
|
|
|
|
正题名:立体构成
索取号:J061/128
 
预约/预借
| 序号 | 登录号 | 条形码 | 馆藏地/架位号 | 状态 | 备注 |
| 1 | 0346663 | 203466631 | 第一样本阅览室/ [索取号:J061/128] | 在馆 | |
| 2 | 0346664 | 203466640 | 第一借阅区/ [索取号:J061/128] | 在馆 | |
| 3 | 0346665 | 203466659 | 第一借阅区/ [索取号:J061/128] | 在馆 |